Religion Quiz

Random Religion or Letter Quiz

Common Pope Names (A-Z) Quiz Stats

 Plays Quiz Updated Mar 15, 2019

Score 0/20 Timer 08:00
0 Plays Today
Letter Papal Name % Correct
JJohn
95.3%
BBenedict
74.9%
PPius
56%
LLeo
47.7%
GGregory
45.9%
IInnocent
43.2%
UUrban
38.7%
AAlexander
29.1%
SStephen
25.7%
CClement
24.6%
Letter Papal Name % Correct
VVictor
22.2%
ZZachary
21%
NNicholas
16.3%
MMartin
13.1%
FFelix
12.1%
TTheodore
11.4%
EEugene
8.8%
HHonorius
8.7%
DDamasus
5.9%
RRomanus
5.2%

You're not logged in!

Compare scores with friends on all Sporcle quizzes.
OR
Log In

Sporcle TV

Today on Sporcle TV


Watch our educational content, quiz creation guides, and fun videos on Sporcle TV.

Show Comments

Extras

Top Quizzes Today


Score Distribution

Your Account Isn't Verified!

In order to create a playlist on Sporcle, you need to verify the email address you used during registration. Go to your Sporcle Settings to finish the process.

Report this User

Report this user for behavior that violates our Community Guidelines.

Details: